01676nam a2200349 a 4500001001000000005001700010008004100027041000800068044000800076084002000084100005000104245019100154250000600345260002600351300002200377500022400399500007000623500008800693500005000781500001000831546002400841650005700865650006100922650003900983650005001022700005601072740005001128902000801178942001101186999001501197952011401212BRCA_323120190320204157.0040309s1793----enka---###---#000-0#eng-# aeng aenk a532b.L39c17931 aCervantes Saavedra, Miguel ded1547-1616921310aThe History and Adventures of the Renowned Don QuixotecTranslated from the Spanish of Miguel de Cervantes Saavedra to wich is Prefixed some Account of the Author´s Life by T. Smollett. a6 aLondresbA. Lawc1793 a4 v.bil.c17 cm. aContenido : v.1. Primera parte. Vida de Cervantes. Nota del traductor. Prólogo del autor. -- v.2. Texto. -- v.3. Segunda parte. Prólogo de Cervantes. Aprobaciones y licencia de la edición Príncipe. -- v.4. Texto aEdición : Illustrated with 16 Copper-Plates Elengantly Engraved aSexta edición de la traducción de Smollett, copia de la quinta Lúdovik Osterc aEstado físico : Presentan diurex en el lomo aQM424 aTexto en : inglés14aNovela españolayÉpoca clásica, 1500-1700921514aLiteratura españolayÉpoca clásica, 1500-1700921614aNovela españolaySiglo XVII921714aDon Quijote (Personaje ficticio)eNovela92181 aSmollett, Tobias Georged1721-1771eTraductor986210 aEl Ingenioso Hidalgo Don Quijote de la Mancha aQFM 2lcccB c2967d2967 00104070aBRCAbBRCAd2009-03-04iQM424l0o532 .L39 1793 (QM424)p3228r2019-03-22 00:00:00w2019-03-22yB